Tropical Asian style / (Record no. 19172)

000 -LEADER
fixed length control field 01520cam a2200325 a 4500
001 - CONTROL NUMBER
control field 13595640
005 - DATE AND TIME OF LATEST TRANSACTION
control field 20170114153341.0
008 - FIXED-LENGTH DATA ELEMENTS--GENERAL INFORMATION
fixed length control field 040517s2001 si a 000 0 eng d
010 ## - LIBRARY OF CONGRESS CONTROL NUMBER
LC control number 2004272749
020 ## - INTERNATIONAL STANDARD BOOK NUMBER
International Standard Book Number 9625931368
035 ## - SYSTEM CONTROL NUMBER
System control number (OCoLC)ocm51440087
043 ## - GEOGRAPHIC AREA CODE
Geographic area code as-----
050 00 - LIBRARY OF CONGRESS CALL NUMBER
Classification number NA7117.T74T76 2001
245 00 - TITLE STATEMENT
Title Tropical Asian style /
Statement of responsibility, etc. concept, styling, and photography, Luca Invernizzi Tettoni ; text, Gianni Francione ... [et al.].
260 ## - PUBLICATION, DISTRIBUTION, ETC. (IMPRINT)
Place of publication, distribution, etc. [Singapore] :
Name of publisher, distributor, etc. Periplus ;
Place of publication, distribution, etc. North Clarendon, VT :
Name of publisher, distributor, etc. Tuttle Pub. [distributor],
Date of publication, distribution, etc. c2001.
300 ## - PHYSICAL DESCRIPTION
Extent 223 p. :
Other physical details col. ill. ;
Dimensions 32 cm.
650 #0 - SUBJECT ADDED ENTRY--TOPICAL TERM
Topical term or geographic name as entry element Architecture, Tropical
Geographic subdivision Southeast Asia.
650 #0 - SUBJECT ADDED ENTRY--TOPICAL TERM
Topical term or geographic name as entry element Architecture, Domestic
Geographic subdivision Southeast Asia.
650 #0 - SUBJECT ADDED ENTRY--TOPICAL TERM
Topical term or geographic name as entry element Architecture
Geographic subdivision Southeast Asia
General subdivision History
Chronological subdivision 20th century.
650 #0 - SUBJECT ADDED ENTRY--TOPICAL TERM
Topical term or geographic name as entry element Interior decoration
Geographic subdivision Southeast Asia
General subdivision History
Chronological subdivision 20th century.
700 1# - ADDED ENTRY--PERSONAL NAME
Personal name Invernizzi, Luca.
700 1# - ADDED ENTRY--PERSONAL NAME
Personal name Francione, Gianni.
856 42 - ELECTRONIC LOCATION AND ACCESS
Materials specified Contributor biographical information
Uniform Resource Identifier <a href="http://www.loc.gov/catdir/enhancements/fy0828/2004272749-b.html">http://www.loc.gov/catdir/enhancements/fy0828/2004272749-b.html</a>
856 42 - ELECTRONIC LOCATION AND ACCESS
Materials specified Publisher description
Uniform Resource Identifier <a href="http://www.loc.gov/catdir/enhancements/fy1110/2004272749-d.html">http://www.loc.gov/catdir/enhancements/fy1110/2004272749-d.html</a>
942 ## - ADDED ENTRY ELEMENTS (KOHA)
Source of classification or shelving scheme
Koha item type Hard Covered Materials
Classification part NA7117.T74T76 2001
Holdings
Withdrawn status Lost status Source of classification or shelving scheme Damaged status Not for loan Home library Current library Shelving location Date acquired Source of acquisition Total Checkouts Full call number Barcode Date last seen Price effective from Koha item type
          MACHAKOS UNIVERSITY LIBRARY MACHAKOS UNIVERSITY LIBRARY Technical section 14/01/2017 Donation (BFA)   NA7117.T74T76 2001 29887 19/07/2018 14/01/2017 Hard Covered Materials
© Machakos University Library, Along The Highway, Machakos Wote Rd, Machakos, Kenya P.O. Box 136 - 90100 Machakos - Kenya

Tel: ( +254 ) 723 805829 OR Fax : 044-20353 OR Email: library@mksu.ac.ke